MDQL
is popping MORE tags! Check the
thread
!
Quizzes
Events
Quiz Creation
Community
Videos
Private Events
Remove Ads
Sign In
Join for FREE
Feedback
Dark Mode
Quiz Categories
Sports
Geography
Music
Movies
Television
Just For Fun
Miscellaneous
History
Literature
Language
Science
Gaming
Entertainment
Religion
Holiday
For Kids
Quiz Lab
Recent
Popular Today
Quiz Kudos Today
Editor Picks
Curator Picks
Quizzes by...
Day
Popularity
Type
Ratings
Length
Year
Community
Subscriptions
Recent Discussions
Orange Saloon
Badges
Playlists
Quests
Create
Leaderboards
Showdown
Live 5
Trivia Bingo
Activity
Puzzle Library
Sporcle Events
Private Events
Virtual Trivia
Globe League
Become a Host
Pub Owners
SporcleCon
Opinionation
Our Games
Videos
Blog
Mobile Apps
Partnerships
Remove Ads and Go Orange
Feedback
Sports
Athletes
MLB
NBA
NHL
NFL
Soccer
Sports Teams
WWE
NCAA
Football
Premier League
Basketball
Baseball
Hockey
Golf
Tennis
Cricket
Rugby
Auto Racing
Olympics
World Cup
Sports
Athletes
MLB
NBA
NHL
NFL
Soccer
Sports Teams
WWE
NCAA
Football
Premier League
Basketball
Baseball
Hockey
Golf
Tennis
Cricket
Rugby
Auto Racing
Olympics
World Cup
Random Quiz
Search Sporcle
×
Quiz Lab
Quiz Lab
Sports
War
Type in answers that appear in a list
Type in answers that appear in a list
Classic
Best Score? Go Orange.
MLB Teams: First-Half Batting Leaders (Season) Stats
Can you name the players with the best first-half seasons for each team in the offensive categories below?
By
slacktivist
20m
300 Questions
158 Plays
158 Plays
158 Plays
Comments
Comments
Give Quiz Kudos
Give Quiz Kudos
-
- Ratings
hide this ad
Replay
Link that replays current quiz
Next Quiz
Link to next quiz in quiz playlist
You Got
0%
They Got
Avg Score
70%
Avg Friend Score
Upgrade to see
Score Distribution
Jump to the score distribution portion of the page
Score
0/300
Timer
20:00
0
Plays Today
WAR Pos
Player
% Correct
Braves
Chipper Jones
96.2%
Braves
Chipper Jones
96.2%
Yankees
Rickey Henderson
94.9%
Athletics
Rickey Henderson
94.9%
Athletics
Mark McGwire
93.7%
Astros
Derek Bell & Jose Altuve
93.7%
Cardinals
Mark McGwire
93.7%
Cardinals
Mark McGwire
93.7%
Cardinals
Mark McGwire
93.7%
Cardinals
Mark McGwire
93.7%
Nationals
Henry Rodriguez & Bryce Harper
93.7%
Athletics
Mark McGwire
93.7%
Cardinals
Mark McGwire
93.7%
Giants
Barry Bonds
93%
Giants
Barry Bonds
93%
Blue Jays
George Bell
93%
Giants
Barry Bonds
93%
Giants
Bobby Bonds
93%
Giants
Barry Bonds
93%
Giants
Barry Bonds
93%
Red Sox
Ted Williams
92.4%
Red Sox
Ted Williams
92.4%
Braves
Hank Aaron
92.4%
Astros
Jeff Bagwell
92.4%
Astros
Jeff Bagwell
92.4%
Cubs
Billy Williams
92.4%
Red Sox
Ted Williams
92.4%
Red Sox
Ted Williams
92.4%
Astros
Jeff Bagwell
92.4%
Cubs
Billy Williams
92.4%
Braves
Hank Aaron
92.4%
Astros
Jeff Bagwell
92.4%
Astros
Jeff Bagwell
92.4%
Diamondbacks
Luis Gonzalez
91.8%
Diamondbacks
Luis Gonzalez
91.8%
Diamondbacks
Luis Gonzalez
91.8%
Diamondbacks
Luis Gonzalez
91.8%
Diamondbacks
Luis Gonzalez
91.8%
Rangers
Frank Howard
91.8%
Phillies
Ryan Howard
91.8%
Rangers
Frank Howard
91.8%
Cardinals
Jim Edmonds & Albert Pujols
91.8%
Diamondbacks
Luis Gonzalez
91.8%
Diamondbacks
Luis Gonzalez
91.8%
Rockies
Larry Walker
91.1%
Rockies
Larry Walker
91.1%
Rockies
Larry Walker
91.1%
Rangers
Juan Gonzalez
91.1%
Rockies
Larry Walker
91.1%
Brewers
Greg Vaughn & Prince Fielder
91.1%
Rockies
Todd Helton & Larry Walker
91.1%
Padres
Tony Gwynn
91.1%
Padres
Tony Gwynn
91.1%
Mariners
Julio Cruz & Ichiro Suzuki
91.1%
Padres
Tony Gwynn
91.1%
Rockies
Larry Walker
91.1%
Rangers
Ivan Rodriguez
90.5%
Rangers
Ivan Rodriguez
90.5%
Athletics
Reggie Jackson
90.5%
Mariners
Alex Rodriguez
90.5%
Rangers
Ivan Rodriguez
90.5%
Royals
George Brett
89.9%
Nationals
Bryce Harper
89.9%
Nationals
Bryce Harper
89.9%
Brewers
Prince Fielder
89.9%
Cubs
Sammy Sosa
89.9%
Angels
Vladimir Guerrero
89.9%
Tigers
Cecil Fielder
89.9%
Angels
Vladimir Guerrero
89.9%
Brewers
Tommy Harper
89.9%
Rockies
A. Galarraga & Todd Helton
89.9%
Brewers
Prince Fielder
89.9%
Mariners
Ichiro Suzuki
89.9%
Royals
George Brett
89.9%
Royals
George Brett
89.9%
Nationals
Vladimir Guerrero
89.9%
Mariners
Ichiro Suzuki
89.9%
Brewers
Prince Fielder
89.9%
Nationals
Bryce Harper
89.9%
Royals
George Brett
89.9%
Athletics
Jimmie Foxx
89.2%
Athletics
Jimmie Foxx
89.2%
Red Sox
Jimmie Foxx
89.2%
Yankees
Mickey Mantle
89.2%
Yankees
Mickey Mantle
89.2%
Red Sox
Jimmie Foxx
89.2%
Yankees
Mickey Mantle
89.2%
Red Sox
Jimmie Foxx
89.2%
Yankees
Mickey Mantle
89.2%
White Sox
Frank Thomas
88.6%
White Sox
Frank Thomas
88.6%
Mariners
Ken Griffey Jr.
88.6%
White Sox
Frank Thomas
88.6%
Mariners
Ken Griffey Jr.
88.6%
White Sox
Frank Thomas
88.6%
White Sox
Frank Thomas
88.6%
White Sox
Frank Thomas
88.6%
White Sox
Frank Thomas
88.6%
Yankees
Lou Gehrig
88%
Indians
Manny Ramirez
88%
WAR Pos
Player
% Correct
Yankees
Lou Gehrig
88%
Yankees
Lou Gehrig
88%
Marlins
Hanley Ramirez
88%
Mets
Mike Piazza
86.7%
Mets
Mike Piazza
86.7%
Diamondbacks
Paul Goldschmidt
86.7%
Mets
Mike Piazza
86.7%
Mariners
Edgar Martinez
86.7%
Rockies
Todd Helton
86.7%
Rockies
Todd Helton
86.7%
Mariners
Edgar Martinez
86.7%
Mariners
Edgar Martinez
86.7%
Diamondbacks
Paul Goldschmidt
86.7%
Mariners
Edgar Martinez
86.7%
Mets
Mike Piazza
86.7%
Blue Jays
Carlos Delgado
86.1%
Blue Jays
Carlos Delgado
86.1%
Blue Jays
Carlos Delgado
86.1%
Tigers
Miguel Cabrera
85.4%
Yankees
Derek Jeter
85.4%
Brewers
Greg Vaughn
85.4%
Padres
Greg Vaughn
85.4%
Padres
Greg Vaughn
85.4%
Twins
Harmon Killebrew
84.8%
Cubs
Derrek Lee
84.8%
Cubs
Derrek Lee
84.8%
Cubs
Derrek Lee
84.8%
Astros
Lance Berkman
84.8%
Astros
Lance Berkman
84.8%
Twins
Harmon Killebrew
84.8%
Twins
Harmon Killebrew
84.8%
Astros
Lance Berkman
84.8%
Cubs
Derrek Lee
84.8%
Orioles
Frank Robinson
84.8%
Twins
Harmon Killebrew
84.8%
Red Sox
David Ortiz
84.2%
Indians
Albert Belle
84.2%
Indians
Albert Belle
84.2%
Orioles
Brady Anderson
84.2%
Yankees
Roger Maris
84.2%
Indians
Albert Belle
84.2%
Dodgers
Willie Davis
83.5%
Orioles
Chris Davis
83.5%
Angels
Chili Davis
83.5%
Angels
Chili Davis
83.5%
Blue Jays
John Olerud
82.9%
Blue Jays
John Olerud
82.9%
Mets
John Olerud
82.9%
Blue Jays
John Olerud
82.9%
Angels
Rod Carew
82.9%
Twins
Rod Carew
82.9%
Phillies
Jim Thome
82.9%
Mets
John Olerud
82.9%
Twins
Rod Carew
82.9%
Blue Jays
John Olerud
82.9%
Phillies
Jim Thome
82.9%
Marlins
Giancarlo Stanton
82.3%
Pirates
Willie Stargell
81%
Pirates
Willie Stargell
81%
Pirates
Willie Stargell
81%
Rays
Carl Crawford & Corey Dickerson
81%
Rays
Carl Crawford
81%
Rays
Carl Crawford
81%
Rangers
Michael Young
80.4%
Astros
Gerald Young
80.4%
Marlins
Gary Sheffield
80.4%
Marlins
Gary Sheffield
80.4%
Mets
Jose Reyes
79.7%
Reds
Ted Kluszewski & Tony Perez
79.7%
Blue Jays
Jose Bautista
79.7%
Mets
Jose Reyes
79.7%
Athletics
Jason Giambi
79.7%
Dodgers
Duke Snider
79.1%
Dodgers
Duke Snider
79.1%
Reds
Joe Morgan
79.1%
Tigers
Hank Greenberg
79.1%
Dodgers
Duke Snider
79.1%
Reds
Joe Morgan
79.1%
Dodgers
Duke Snider
79.1%
Tigers
Hank Greenberg
79.1%
Reds
Joe Morgan
79.1%
Dodgers
Duke Snider
79.1%
Reds
Tony Perez
77.8%
Reds
Tony Perez
77.8%
Reds
Tony Perez
77.8%
Royals
Mike Sweeney
76.6%
Reds
Billy Hamilton
76.6%
Royals
Hal McRae & Mike Sweeney
76.6%
Royals
Mike Sweeney
76.6%
Indians
Kenny Lofton
75.9%
Indians
Kenny Lofton
75.9%
Indians
Kenny Lofton
75.9%
Orioles
Jim Gentile & Rafael Palmeiro
74.7%
Angels
Troy Glaus
74.7%
Giants
Mel Ott
73.4%
Angels
Darin Erstad
73.4%
Rangers
Jose Canseco
72.2%
Rays
Jose Canseco
72.2%
Rays
Jose Canseco
72.2%
Rays
Jose Canseco
72.2%
WAR Pos
Player
% Correct
Royals
Vince Coleman
70.3%
Cardinals
Vince Coleman
70.3%
Rays
Ben Zobrist
69%
Phillies
Lenny Dykstra
69%
Rays
Ben Zobrist
69%
Red Sox
Nomar Garciaparra
68.4%
Royals
Mike Moustakas
67.7%
Red Sox
Jacoby Ellsbury
65.8%
Dodgers
Gil Hodges
65.2%
Marlins
Dee Gordon
64.6%
Angels
Leon Wagner
63.9%
Tigers
Norm Cash
63.3%
Tigers
Norm Cash
63.3%
Dodgers
Maury Wills
61.4%
Pirates
Matty Alou
61.4%
Nationals
Jose Vidro
60.8%
Nationals
Jose Vidro
60.8%
Blue Jays
Otis Nixon
60.8%
Braves
Otis Nixon
60.8%
Nationals
Rusty Staub & Adam Dunn
60.1%
Phillies
Chuck Klein
59.5%
Indians
Travis Hafner
58.2%
Tigers
Charlie Gehringer
57%
Phillies
Bobby Abreu
57%
Tigers
Charlie Gehringer
57%
Brewers
Brady Clark & Jean Segura
56.3%
Marlins
Luis Castillo
56.3%
Marlins
Luis Castillo
56.3%
Marlins
Luis Castillo
56.3%
Mets
Dave Kingman
55.7%
Cardinals
Joe Medwick
55.7%
White Sox
Al Simmons
55.7%
Cardinals
Joe Medwick
55.7%
Cardinals
Joe Medwick
55.7%
Phillies
John Kruk
52.5%
Padres
Jack Clark
51.9%
Diamondbacks
Tony Womack
51.3%
Nationals
Marquis Grissom
49.4%
Giants
Bill Terry
48.1%
Giants
Bill Terry
48.1%
White Sox
Scott Podsednik
48.1%
Braves
Rico Carty
46.8%
Braves
Rico Carty
46.8%
Tigers
Ron LeFlore
45.6%
Nationals
Ron LeFlore
45.6%
Pirates
Arky Vaughan
44.9%
Phillies
Juan Samuel
44.9%
Pirates
Arky Vaughan
44.9%
Pirates
Arky Vaughan
44.9%
Rays
Melvin Upton
44.9%
Pirates
Arky Vaughan
44.9%
Indians
Earl Averill & Jeff Heath
43%
Pirates
Omar Moreno
41.8%
Reds
Sean Casey
39.2%
Indians
Larry Doby
39.2%
Reds
Sean Casey
39.2%
Marlins
Cliff Floyd
38.6%
Marlins
Cliff Floyd
38.6%
Padres
Ryan Klesko
38%
Padres
Ryan Klesko
38%
Mets
Roger Cedeno
36.1%
Padres
Steve Garvey
33.5%
Cubs
Richie Ashburn
32.9%
Orioles
B.J. Surhoff
32.3%
Padres
Alan Wiggins
31.6%
Rays
Jason Bartlett
29.1%
Angels
Tony Phillips
29.1%
Rockies
Willy Taveras
27.8%
Braves
Tommy Holmes
27.2%
Orioles
Luis Aparicio
27.2%
Braves
Tommy Holmes
27.2%
Royals
Paul Schaal & Darrell Porter
24.1%
Cubs
Bobby Dernier
22.8%
Rangers
Toby Harrah
21.5%
Angels
Mickey Rivers
20.9%
Cubs
Phil Cavarretta
19.6%
Twins
Heinie Manush
19%
Tigers
Eddie Yost
19%
Twins
Eddie Yost
19%
Twins
Cesar Tovar
18.4%
Athletics
Eddie Joost
17.7%
Athletics
Eddie Joost
17.7%
Braves
Jim Wynn
17.7%
Giants
Billy North
17.1%
Brewers
Dave Nilsson
15.8%
Orioles
Harlond Clift
14.6%
Rangers
Tom Goodwin
13.9%
Twins
Buddy Myer
13.3%
Brewers
Kevin Seitzer
12.7%
Brewers
Kevin Seitzer
12.7%
Dodgers
Eddie Stanky
12%
Dodgers
Eddie Stanky
12%
Orioles
Randy Milligan
8.9%
Athletics
Doc Cramer
7%
Orioles
Roy Cullenbine
3.8%
Orioles
Roy Cullenbine
3.8%
White Sox
Rip Radcliff
2.5%
Phillies
Morrie Arnovich
2.5%
Pirates
Elbie Fletcher
2.5%
Phillies
Chick Fullis
1.9%
Quiz Playlist
Details
Report
Send in Message
Add To Playlist
Classic:
Type in answers that appear in a list
Last Updated: Aug 5, 2017
Quiz Scoreboard
CHALLENGE
Sign Up to Join the Scoreboard
Show All
Scores
Hide
Comments
May contain spoilers
Recently Published
Holiday 10x10 Sorting Gallery
by lukepisani3
Holiday
15m
Two Season TV Shows II
by 123Four
Television
10m
Image Sorting: Flags VI
by Barbecue
Geography
2m
More to Explore
Quiz From the Vault
Featured Blog Post
14 Easter Pick-up Lines to Find Eggs With
hide this ad
You Might Also Like...
Tags
MLB Quiz
War Quiz
Batting
Category
Leader
Offensive
Player
pos
season
team
Today's Top Quizzes in Sports
Browse Sports
hide this ad
Today's Top Quizzes in War
Browse War
Top Contributed Quizzes in Sports
1
Les meilleurs buteurs des matchs entre le PSG et l’OM
2
Les entraîneurs de l'OM et du PSG au 21e siècle
3
2022 World Cup Stars
4
Les joueurs passés par le PSG et l'OM
5
Players with Multiple 50 Home Run Seasons
6
FIFA Club World Cup Champions
7
Criteria MLB: Left Handed Sluggers
8
Les joueurs passés par le LOSC et le RC Lens
9
Top 10 NHL Goal Scorers of All Time
10
NBA Logic Puzzle 2.0
Explore More
Trending Topics
Kpop
Marvel
Anime
NBA
Harry Potter
Disney
Crossword
Country
Pokémon
Song
Puzzle
Soccer
NFL
WWE
The Office
hide this ad
More By:
slacktivist
Quiz
Plays
Rating
Category
Featured
Created
MLB Teams: Last 10 Hitters with .300 Seasons
25,604
4.78
Sports
Apr 26, 2017
MLB: 40 Wins Above Replacement for One Team
12,386
4.81
Sports
Apr 7, 2014
MLB Leaders: Top 10 HR Hitters, Last 30 Seasons
7,156
4.91
Sports
Aug 6, 2015
MLB Leaders: Top 300 Players in Career Home Runs
6,798
4.88
Sports
Feb 6, 2019
MLB: 2010s All-Decade Teams by Career WAR
5,496
4.93
Sports
Mar 25, 2017
Go to Creator's Profile
Score Distribution
Quiz Creator Spotlight
slacktivist
Follow
Send a Message
Quizzes Created
-
Created Quiz Play Count
-
More By This Creator
Popular Quizzes Today
1
Find the US States - No Outlines Minefield
2
Colored Red Africa Blitz
3
Find the 'City' Movie
4
The Countries of the World
5
5x2 Blitz: Bands
6
Find the Countries of Europe - No Outlines Minefield
7
Find the US States
8
US States
More Sports Quizzes
Pakistan Cricket Quiz
Quiz Lab
Trending Quizzes
Colored Red Europe Blitz I
Colored Red Africa Blitz II
Colored Red Europe Blitz II
Even More Two Season TV Shows
Colored Red Africa Blitz III
Recently Updated
Odd Team Out - Big 4 Players
pecheneg
Quick Pick: 20 Twenties
pecheneg
March Madness Men's Triple Doubles
pecheneg
How Do You Spell That?
pecheneg
Godzilla Movies
pecheneg
Grab Bag: 4-10 Letters
pecheneg
2024 March Madness Bracket
pecheneg
Famous TV Couples
Peacemaker
Champions League XIs: Real Madrid
pecheneg
Largest US Cities 1790-2010
pecheneg
Trending Topics
Harry Potter
NBA
Kpop
Disney
Marvel
Anime
Crossword
The Office
Country
WWE
Pokémon
Puzzle
Soccer
NFL
Song
Your Account Isn't Verified!
In order to create a playlist on Sporcle, you need to verify the email address you used during registration. Go to your
Sporcle Settings
to finish the process.
Report this User
Report this user for behavior that violates our
Community Guidelines
.
Details:
Send Report
Go to the Sporcle.com Mobile Site →
Comments